Riadenie tekutinových systémov. : 4. vedecká a odborná konferencia, Súľov, 4.11.-5.11.1999. /

Uložené v:
Podrobná bibliografia
Médium: Kniha
Jazyk:Slovak
Vydané: Žilina : HYDROPNEUTECH, 1999
Vydanie:1. vyd.
Témy:
ISBN: 8096808494 (brož.)
Fyzický popis: 148 s.
Tagy: Pridať tag
Žiadne tagy, Buďte prvý kto otaguje tento záznam!

MARC

LEADER 00000nam a2200000 a 4500
001 000062607
003 SVKK
005 20010111000000.0
008 001109s1999 xo e sloo
020 |a 8096808494 (brož.) 
040 |a SVKKK  |b slo  |c SVKKK  |e AACR2 
041 0 |a slo 
044 |a xo  |c SK 
080 |a 62-522.2(082)  |2 1997 
080 |a 621.22(082)  |2 1997 
080 |a 532(082)  |2 1997 
245 0 0 |a Riadenie tekutinových systémov. :  |b 4. vedecká a odborná konferencia, Súľov, 4.11.-5.11.1999. /  |c Red. Igor Strážovec 
250 |a 1. vyd. 
260 |a Žilina :  |b HYDROPNEUTECH,  |c 1999 
300 |a 148 s. 
653 0 |a systémy tekutinové  |2 SVKKKPH 
653 0 |a zborníky  |2 SVKKKPH 
655 7 |a zborníky  |2 SVKKKPH 
700 1 |a Strážovec, Igor  |4 pfr 
910 |a svkkk 
919 |a 80-968084-9-4 
974 |a UH  |d 20001229 
974 |a KL  |d 20001222 
974 |a MI  |d 20010111 
998 |a BK 
090 |g SCKHL  |k Sklad Pribinova 2. posch.  |a III.187521  |j 935959  |i 2720132818  |s Absenčne